Formes de territoires - Difficile - Statistiques

Statistiques générales
  • Ce quiz a été pris 12 fois
  • Le résultat moyen est 10 sur 16
Statistiques - réponses
Par images Réponse % Correct
Bénin
100%
Kirghizistan
92%
Malawi
92%
Belize
75%
Gironde
75%
Saint Martin
75%
Brunei
58%
Grenade
58%
Iles Salomon
58%
Nunavut
58%
Timor Oriental
58%
Kaliningrad
50%
Wyoming
50%
Iles Vierges britanniques
33%
Saskatchewan
33%
Ile Norfolk
8%
Aucun quiz correspondant
Distribution des résultats
% des personnes avec chaque résultat
Percentile par nombre de réponses
Votre historique - résultats
Vous n’avez pas pris ce quiz